Films avec Charlotte Le Bon par image - Statistiques

Statistiques générales
  • Ce quiz a été pris 12 fois
  • Le résultat moyen est 4 sur 16
Statistiques - réponses
Par images Réponse % Correct
Astérix et Obélix : Au service de Sa Majesté
100%
Yves Saint Laurent
92%
Niki
25%
Bastille Day
17%
Iris
17%
La Marche
17%
La Stratégie de la poussette
17%
L'Ecume des jours
17%
Realive
17%
The Walk : Rêver plus haut
17%
Berlin, I Love You
8%
Le Grand Méchant Loup
8%
Le Secret des banquises
8%
Opération Anthropoid
8%
La Promesse
0%
Les Recettes du bonheur
0%
Aucun quiz correspondant
Distribution des résultats
% des personnes avec chaque résultat
Percentile par nombre de réponses
Votre historique - résultats
Vous n’avez pas pris ce quiz